00307nam a2200121Ia 4500008004100000082001600041100002400057245002800081250000800109260003500117300001100152650002200163150201s2007 xx 000 0 und d a403bM2007D aDXISTH,KRISHAN KANT aMANAK HINDI : SABADKOSH a1ST bKAMAL PUBLICATIONaDELHIc2007 a1-1280 aGENERAL DENTISTRY